=LDR 00000nam 2200000 4500 =001 INLIS000000000018601 =005 20140605135450.0 =006 =007 =008 Ind =035 ##$$0010-061300000018601 =041 ##$$a Ind =082 ##$$a 959.8 =090 ##$$a 959.8, Kom k =245 ##$$a KOMPLEKSITITAS persoalan otonomi daerah di Indonesia =260 ##$$a 2003 $b Yogyakarta =300 ##$$a xxxv, 402 hlm., 21 cm =650 ##$$a INDONESIA - DAERAH SWATANTRA =700 ##$$a GAFFARM, Abdul =850 ##$$a NBPNMAT =990 ##$$a 2090101498/BPAP-NTB/2015